000 00357 a2200157 4500
001 181054
020 _a
040 _cMagnum
100 _aJordao, Vera Pacheco
240 1 0 _aUma noite no jardim zoologico
_lpor
245 1 0 _aUma noite no jardim zoologico
362 0 _a1899
440 1 _aJosé Olympio
697 _aMAGNITO: IJ/ANIMAIS
942 _cBK
999 _c181054
_d181054